000 05127cam a22012494i 4500
003 PE-LiUPU
005 20250813185606.0
008 150706s r 000 0 d
020 _a9682435889
035 _a(Sirsi) i9789682435881
035 _a(Sirsi) i9789682435881
040 _aPE-LiUPU
_bspa
_cPE-LiUPU
_erda
049 _aPRUA
082 0 4 _a378.119
_bC28
_221
100 1 _aCasarini Ratto, Martha,
_eautor.
245 1 0 _aTeoría y diseño curricular /
_cMartha Casrini Ratto.
250 _a2a ed.
264 1 _aMéxico :
_bTrillas,
_c1999.
300 _a230 páginas :
_bilustraciones ;
_c24 cm.
336 _atext
_2rdacontent
337 _aunmediated
_2rdamedia
338 _avolume
_2rdacarrier
500 _aReimpresión 2010.
504 _aIncluye bibliografía en cada capítulo.
505 0 _aAcercamiento al currículum -- objetivos particulares -- Temario -- Preliminares sobre el contenido del capítulo -- El currículum y sus significados: el primitivo uso del término -- Algunas definiciones -- Currículum y sus formal, real (o vivido) y oculto -- Ampliación del concepto -- Ideas a debate 1 -- Ideas a debate 2 -- Ideas a debate 3 -- Las fuentes del currículum -- Objetivos particulares -- Temario -- Preliminares sobre el contenido del Capítulo -- Fuentes del currículum -- Ideas a debate 4 -- Ideas a debate 5 -- Ideas a debate 6 -- Ideas a debate 7 -- Ideas a debate 8 -- Ideas a debate 9 -- Ideas a debate 10 -- Diseño y desarrollo del currículum -- Objetivos particulares -- Temario -- Preliminares sobre el contenido del Capítulo -- Diseño y desarrollo -- Modelos de diseño curricular -- Metodología de diseño curricular (guía de preguntas para los diseñadores curriculares) -- Ideas a debate 11 -- Ideas a debate 12 -- Ideas a debate 13 -- Ideas a debate 14 -- Ideas a debate 15 -- Ejercicio metodológico para elaborar un perfil de egreso a nivel de educación superior -- La evaluación del currículum -- Objetivos particulares -- Temario -- Preliminares sobre el contenido del Capítulo -- La evaluación y el currículum -- Breve esbozo histórico -- Métodos y modelos alternativos de evaluación -- Método de evaluación orientada hacia los objetivos: Tyler -- Modelo de evaluación como información para la toma de decisiones o evaluación orientada hacia el perfeccionamiento: Cronbach y Stufflebeam -- Modelo C.I.P.P.: Stufflebeam -- Modelo de evaluación orientada al consumidor: Scriven -- Modelo de evaluación centrado en el cliente: Stake -- Modelo de evaluación iluminativa: Parlett y Hamilton -- Modelo de evaluación como crítica artística: Eisner -- Modelo de evaluación como investigación: Stenhouse -- Valores educativos, indicadores de calidad y práctica reflexiva de la educación -- Ideas a debate 16 -- Ideas a debate 17 -- Ideas a debate 18 -- Ideas a debate 19.
526 _aP202
526 _aP201
526 _aP163
526 _aP162
526 _aP161
526 _aP160
526 _aP148
526 _aP147
526 _aP146
526 _aP145
526 _aP144
526 _aP143
526 _aP142
526 _aP141
526 _aP140
526 _aP139
526 _aP138
526 _aP137
526 _aP136
526 _aP135
526 _aP134
526 _aP133
526 _aP129
526 _aP128
526 _aP127
526 _aP120
526 _aP119
526 _aP118
526 _aP116
526 _aP115
526 _aP114
526 _aP110
526 _aP109
526 _aP108
526 _aP104
526 _aP103
526 _aP102
526 _aP99
526 _aP98
526 _aP97
526 _aP96
526 _aP95
526 _aP93
526 _aP90
526 _aP89
526 _aP88
526 _aP83
526 _aP82
526 _aP62
526 _aP59
526 _aP58
526 _aP57
526 _aP51
526 _aP49
526 _aP48
526 _aP47
526 _aP29
526 _aP24
526 _aP20
526 _aP19
526 _aP17
526 _aP15
526 _aP14
526 _aP12
526 _aP10
526 _aP09
526 _aP08
526 _aP07
526 _aP06
526 _aP05
526 _aP04
526 _aP01
541 _g001-0097208;
650 0 4 _aEducación superior
_xCurrículo.
650 0 4 _aEducación superior
_zNuevo León Monterrey
_xCurrículo.
910 _agl20110621
942 _2ddc
_cBOOK
949 _aPGE 378.119 C28
_wDEWEY
_c1
_i63116
_lPOSTGRADO
_mBUL
_p36.00
_r0
_sY
_tBOOK
_u2015-7-6
_xPOSGRADO
_PP57
_o.CIRCNOTE. No olvidar cambiar la fecha de devolución!!!!!!!
_o.STAFF. Colección General
994 _aC0
_bPEPRU
596 _a1
999 _aPGE 378.119 C28
_wDEWEY
_c52130
_i63116
_d52130
_e2018-4-19
_f2021-11-8
_g5
_lCCODEBUL1
_mBUL
_n2
_p36.00
_q1
_r0
_sY
_tBOOK
_u2015-7-6
_xEDUCACION
_PP57
_0COMPRA
_o.CIRCNOTE. No olvidar cambiar la fecha de devolución!!!!!!!
_o.STAFF. Colección General
980 _81
_gALBERTO SANCHEZ Responsable de Automatización